00297nam a22001217a 4500008004100000020001800041041000800059080000700067082000700074100000700081101000800088245007900096210507b ||||| |||| 00| 0 eng d a9781536924190 aeng a37 a37 a46 aEDU aGraduate Reading, Writing and Grammar in Art and DesigncChristina Cavage